Vista normal
Vista MARC
- Jornada Científica de Reflexión
Entrada Nombre congreso
Número de registros utilizados en: 2
001 - NÚMERO DE CONTROL
- campo de control: 443
003 - IDENTIFICADOR DEL NÚMERO DE CONTROL
- campo de control: ES-MaFIAP
005 - FECHA Y HORA DE LA ÚLTIMA TRANSACCIÓN
- campo de control: 20220928135506.0
008 - DATOS DE LONGITUD FIJA
- campo de control de longitud fija: 220928|| aca||aabn | a|a d
040 ## - FUENTE DE LA CATALOGACIÓN
- Centro catalogador/agencia de origen: ES-MaFIAP
- Centro/agencia transcriptor: ES-MaFIAP
111 ## - ENCABEZAMIENTO--NOMBRE DE CONGRESO/REUNIÓN
- Nombre de congreso/reunión o jurisdicción como elemento de entrada: Jornada Científica de Reflexión
- Número del congreso/reunión o número de parte o sección: 2ª
- Fecha del congreso o de la firma del tratado: 2016
- Sede del congreso/Lugar de la reunión: Madrid
670 ## - FUENTE DE DATOS ENCONTRADOS
- Cita de la fuente: Work cat.: (ES-MaFIAP)147: Jornada Científica de Reflexión 2ª 2016 Madrid autor aut, Estudios sobre la situación del alumnado con sordera en España [Texto impreso] /





